000 00331nam a2200145Ia 4500
008 191201s2009 xx 000 0 und d
082 _a658
_bPAF
100 _aPAL, Karam
245 0 _aFoundations of Management
250 _a1st
260 _aN.Delhi
_bVayu Edu. India
_c2009
300 _a309
650 _aMBA
942 _2ddc
_cBK
999 _c4182
_d4182